<?xml version="1.0" encoding="UTF-8"?>
<record
    xmlns:xsi="http://www.w3.org/2001/XMLSchema-instance"
    xsi:schemaLocation="http://www.loc.gov/MARC21/slim http://www.loc.gov/standards/marcxml/schema/MARC21slim.xsd"
    xmlns="http://www.loc.gov/MARC21/slim">

  <leader>02484nam a2200517Ia 4500</leader>
  <controlfield tag="001">dia_5781</controlfield>
  <controlfield tag="003">CHAP</controlfield>
  <controlfield tag="005">20240417114737.0</controlfield>
  <controlfield tag="007">ta</controlfield>
  <controlfield tag="008">220117s2014    mx abo f      001 0 spa d</controlfield>
  <datafield tag="040" ind1=" " ind2=" ">
    <subfield code="a">mxchpua</subfield>
    <subfield code="c">CHAP</subfield>
  </datafield>
  <datafield tag="090" ind1=" " ind2=" ">
    <subfield code="a">T.C.637 </subfield>
    <subfield code="b">S99 IA </subfield>
    <subfield code="c">2014</subfield>
  </datafield>
  <datafield tag="245" ind1="1" ind2="0">
    <subfield code="a">Reporte final de viaje de estudios :</subfield>
    <subfield code="b">26 de enero al 7 de febrero del 2014 /</subfield>
    <subfield code="c">coordinadores Rosa Guadalupe Szymanski Duque y Roberto Arturo Flores Alc&#xE1;ntara ; colaboradores Abel Ignacio Aguilera Szymanski...[y otros]</subfield>
  </datafield>
  <datafield tag="260" ind1=" " ind2=" ">
    <subfield code="a">M&#xE9;xico :</subfield>
    <subfield code="b">El autor,</subfield>
    <subfield code="c">2014</subfield>
  </datafield>
  <datafield tag="300" ind1=" " ind2=" ">
    <subfield code="a">116 hojas : </subfield>
    <subfield code="b">ilustraciones, mapas, diagramas, fotos</subfield>
  </datafield>
  <datafield tag="336" ind1=" " ind2=" ">
    <subfield code="2">rdacontent</subfield>
    <subfield code="a">texto</subfield>
    <subfield code="b">txt</subfield>
  </datafield>
  <datafield tag="337" ind1=" " ind2=" ">
    <subfield code="2">rdamedia</subfield>
    <subfield code="a">no mediado</subfield>
    <subfield code="b">n</subfield>
  </datafield>
  <datafield tag="338" ind1=" " ind2=" ">
    <subfield code="2">rdacarrier</subfield>
    <subfield code="a">volumen</subfield>
    <subfield code="b">nc</subfield>
  </datafield>
  <datafield tag="500" ind1=" " ind2=" ">
    <subfield code="a">Grado: 4&#xB0; a&#xF1;o Grupo: 03
Incluye directorio.</subfield>
  </datafield>
  <datafield tag="502" ind1=" " ind2=" ">
    <subfield code="a">Viaje de estudios </subfield>
    <subfield code="b">(IA) -- </subfield>
    <subfield code="c">UACh. Departamento de Ingenier&#xED;a Agroindustrial, </subfield>
    <subfield code="d">2014</subfield>
  </datafield>
  <datafield tag="505" ind1="0" ind2="0">
    <subfield code="t">Empresas visitadas: --
1.Agronegocios Tzapingo --
2.Sociedad Pisc&#xED;cola de Tapijulapa --
3.Salmi del Sureste, S. A. de C. V. --
4.Ingenio Presidente Benito Juar&#xE9;z, S. A. de C. V. -
5.Apicultores de Champot&#xF3;n, S. P. R. de R. S. --
6.Kareyes --
7.Agropecuaria Santa Genoveva, S. A. P. I. de C. V. --
8.Mexialoe laboratorios, S. A. de C. V. --
9.Prote&#xED;nas y ol&#xE9;icos, S. A. de C. V. --
10.Casa D&#xB4;Aristi --
11.Industria agr&#xED;cola Maya --
12.Cafeto --
13.CANIRAC --
14.Chicza</subfield>
  </datafield>
  <datafield tag="650" ind1="1" ind2="3">
    <subfield code="a">Aloe vera  </subfield>
    <subfield code="9">4554</subfield>
  </datafield>
  <datafield tag="650" ind1="1" ind2="3">
    <subfield code="a">Bananas</subfield>
    <subfield code="9">152111</subfield>
  </datafield>
  <datafield tag="650" ind1="1" ind2="3">
    <subfield code="a">Bananos  </subfield>
    <subfield code="9">159531</subfield>
  </datafield>
  <datafield tag="650" ind1="1" ind2="3">
    <subfield code="a">Congelaci&#xF3;n  </subfield>
    <subfield code="9">149366</subfield>
  </datafield>
  <datafield tag="650" ind1="1" ind2="3">
    <subfield code="a">Empaque  </subfield>
    <subfield code="9">36540</subfield>
  </datafield>
  <datafield tag="650" ind1="1" ind2="3">
    <subfield code="a">Industria azucarera</subfield>
    <subfield code="9">57780</subfield>
  </datafield>
  <datafield tag="650" ind1="1" ind2="3">
    <subfield code="a">Industria de la grasa y el aceite  </subfield>
    <subfield code="9">154338</subfield>
  </datafield>
  <datafield tag="650" ind1="1" ind2="3">
    <subfield code="a">Industria pesquera  </subfield>
    <subfield code="9">145064</subfield>
  </datafield>
  <datafield tag="650" ind1="1" ind2="3">
    <subfield code="a">Industria del ganado y de la carne  </subfield>
    <subfield code="9">147937</subfield>
  </datafield>
  <datafield tag="650" ind1="1" ind2="3">
    <subfield code="a">Fats and oils industry  </subfield>
    <subfield code="9">157566</subfield>
  </datafield>
  <datafield tag="650" ind1="1" ind2="3">
    <subfield code="a">Livestock and meat industry</subfield>
    <subfield code="9">147938</subfield>
  </datafield>
  <datafield tag="650" ind1="1" ind2="3">
    <subfield code="a">Fish industry</subfield>
    <subfield code="9">151275</subfield>
  </datafield>
  <datafield tag="650" ind1="1" ind2="3">
    <subfield code="a">Sugar industry  </subfield>
    <subfield code="9">151278</subfield>
  </datafield>
  <datafield tag="650" ind1="1" ind2="3">
    <subfield code="a">Freezing  </subfield>
    <subfield code="9">161659</subfield>
  </datafield>
  <datafield tag="700" ind1="1" ind2=" ">
    <subfield code="a">Flores Alc&#xE1;ntara, Roberto Arturo</subfield>
    <subfield code="9">41425</subfield>
    <subfield code="e">coordinador</subfield>
  </datafield>
  <datafield tag="700" ind1="1" ind2=" ">
    <subfield code="a">Szymanski Duque, Rosa Guadalupe</subfield>
    <subfield code="9">151434</subfield>
    <subfield code="e">coordinadora</subfield>
  </datafield>
  <datafield tag="700" ind1="1" ind2=" ">
    <subfield code="a">Aguilera Szymanski, Abel Ignacio</subfield>
    <subfield code="9">159534</subfield>
    <subfield code="e">colaborador</subfield>
  </datafield>
  <datafield tag="856" ind1="4" ind2="2">
    <subfield code="u">http://10.13.5.2/ve/TC637IA/TC637IA2014-REPORTE.pdf</subfield>
    <subfield code="y">DESCARGAR REPORTE</subfield>
  </datafield>
  <datafield tag="901" ind1=" " ind2=" ">
    <subfield code="a">T.C.637 S99 IA 2014</subfield>
  </datafield>
  <datafield tag="902" ind1=" " ind2=" ">
    <subfield code="a">M</subfield>
  </datafield>
  <datafield tag="905" ind1=" " ind2=" ">
    <subfield code="a">5232272014                          mx dinl8223123322spa16</subfield>
  </datafield>
  <datafield tag="942" ind1=" " ind2=" ">
    <subfield code="2">local</subfield>
  </datafield>
  <datafield tag="942" ind1=" " ind2=" ">
    <subfield code="c">VE</subfield>
  </datafield>
  <datafield tag="999" ind1=" " ind2=" ">
    <subfield code="c">176793</subfield>
    <subfield code="d">176793</subfield>
  </datafield>
  <datafield tag="952" ind1=" " ind2=" ">
    <subfield code="0">0</subfield>
    <subfield code="1">0</subfield>
    <subfield code="2">local</subfield>
    <subfield code="4">0</subfield>
    <subfield code="5">1</subfield>
    <subfield code="7">0</subfield>
    <subfield code="8">VE</subfield>
    <subfield code="a">IA_</subfield>
    <subfield code="b">IA_</subfield>
    <subfield code="d">2022-01-18</subfield>
    <subfield code="e">El autor</subfield>
    <subfield code="l">0</subfield>
    <subfield code="o">T.C.637 S99 IA 2014</subfield>
    <subfield code="p">1106008812</subfield>
    <subfield code="r">2024-05-15 00:00:00</subfield>
    <subfield code="t">Ej.4</subfield>
    <subfield code="w">2022-01-18</subfield>
    <subfield code="y">CD</subfield>
  </datafield>
  <datafield tag="952" ind1=" " ind2=" ">
    <subfield code="0">0</subfield>
    <subfield code="1">0</subfield>
    <subfield code="2">local</subfield>
    <subfield code="4">0</subfield>
    <subfield code="5">1</subfield>
    <subfield code="7">0</subfield>
    <subfield code="8">VE</subfield>
    <subfield code="a">IA_</subfield>
    <subfield code="b">IA_</subfield>
    <subfield code="d">2022-01-18</subfield>
    <subfield code="e">El autor</subfield>
    <subfield code="l">0</subfield>
    <subfield code="o">T.C.637 S99 IA 2014</subfield>
    <subfield code="p">1106008809</subfield>
    <subfield code="r">2026-01-26 00:00:00</subfield>
    <subfield code="t">Ej.1</subfield>
    <subfield code="w">2022-01-18</subfield>
    <subfield code="y">VE</subfield>
  </datafield>
  <datafield tag="952" ind1=" " ind2=" ">
    <subfield code="0">0</subfield>
    <subfield code="1">0</subfield>
    <subfield code="2">local</subfield>
    <subfield code="4">0</subfield>
    <subfield code="5">5</subfield>
    <subfield code="7">0</subfield>
    <subfield code="8">VE</subfield>
    <subfield code="a">IA_</subfield>
    <subfield code="b">IA_</subfield>
    <subfield code="d">2022-01-18</subfield>
    <subfield code="e">El autor</subfield>
    <subfield code="l">1</subfield>
    <subfield code="o">T.C.637 S99 IA 2014</subfield>
    <subfield code="p">1106008810</subfield>
    <subfield code="r">2026-01-26 00:00:00</subfield>
    <subfield code="s">2024-05-15</subfield>
    <subfield code="t">Ej.2</subfield>
    <subfield code="w">2022-01-18</subfield>
    <subfield code="y">VE</subfield>
  </datafield>
  <datafield tag="952" ind1=" " ind2=" ">
    <subfield code="0">0</subfield>
    <subfield code="1">0</subfield>
    <subfield code="2">local</subfield>
    <subfield code="4">0</subfield>
    <subfield code="5">1</subfield>
    <subfield code="7">0</subfield>
    <subfield code="8">VE</subfield>
    <subfield code="a">IA_</subfield>
    <subfield code="b">IA_</subfield>
    <subfield code="d">2022-01-18</subfield>
    <subfield code="e">El autor</subfield>
    <subfield code="l">0</subfield>
    <subfield code="o">T.C.637 S99 IA 2014</subfield>
    <subfield code="p">1106008811</subfield>
    <subfield code="r">2022-01-18 00:00:00</subfield>
    <subfield code="t">Ej.3</subfield>
    <subfield code="w">2022-01-18</subfield>
    <subfield code="y">CD</subfield>
  </datafield>
  <datafield tag="952" ind1=" " ind2=" ">
    <subfield code="0">0</subfield>
    <subfield code="1">0</subfield>
    <subfield code="2">local</subfield>
    <subfield code="4">0</subfield>
    <subfield code="7">0</subfield>
    <subfield code="8">VEE</subfield>
    <subfield code="a">IA_</subfield>
    <subfield code="b">IA_</subfield>
    <subfield code="c">E_L</subfield>
    <subfield code="d">2022-01-18</subfield>
    <subfield code="e">El autor</subfield>
    <subfield code="l">0</subfield>
    <subfield code="o">T.C.637 S99 IA 2014</subfield>
    <subfield code="p">1206008809</subfield>
    <subfield code="r">2024-04-17 00:00:00</subfield>
    <subfield code="w">2024-04-17</subfield>
    <subfield code="y">VEE</subfield>
  </datafield>
</record>
